000 00546nam a2200217Ia 4500
003 OSt
005 20220928144125.0
006 a|||||r|||| 00| 0
007 ta
008 220927b |||||||| |||| 00| 0 eng d
024 _a24396
037 _cTextual
040 _aSDCL
_cSDCL
_beng
041 _2eng
_aeng
082 _aG:5:(B), N8
100 _aRoughgarden Jonathan
_9507033
245 0 _aPrimer of ecological theory.
260 _c1998
942 _hG:5:(B), N8
_cTEXL
_2CC
999 _c826310
_d826310